| 000 | 00883cam a2200205 4500 | ||
|---|---|---|---|
| 001 | WB3831-12 | ||
| 008 | 020828n2002 000 0 eng u | ||
| 035 | _a(Sirsi) u119464 | ||
| 245 | _aDemand levels for new shops | ||
| 260 | _c2002 | ||
| 490 |
_aPlanning (for the Natural and Built Environment) _v(1485) 23 August 2002, 3(1) |
||
| 520 | _aA survey by Colliers CRE reveals that areas which already have a large amount of shopping floorspace are where further demand is likely to be in the future. The research suggests that planners will struggle to find suitable locations to accommodate the big increases in retail floorspace. Colliers CRE at www.collierscre.co.uk | ||
| 590 | _aWB | ||
| 650 | _aCOLLIERS CRE | ||
| 650 | _aSHOPPING FLOORSPACE | ||
| 650 | _aRETAIL PLANNING | ||
| 650 | _aSHOPS | ||
| 690 | _aPROPERTY-COMMERCIAL PROPERTY-RETAIL PROPERTY | ||
| 942 | _n0 | ||
| 999 |
_c71028 _d71028 |
||